| 000 | 00656nam a2200229 a 4500 | ||
|---|---|---|---|
| 008 | |||
| 020 | _a0951183583 (hbk.) | ||
| 049 | _aMAIN | ||
| 090 |
_aHF5549.5.M63 _bADA |
||
| 100 | 1 | _aAdair, John Eric. | |
| 245 | 1 | 0 |
_aUnderstanding motivation / _cJohn Adair. |
| 260 |
_aGuildford : _bTalbot Adair, _c1990. |
||
| 300 |
_a114 p. : _bill. ; _c23 cm. |
||
| 500 | _aIncludes index. | ||
| 504 | _aIncludes bibliographical references. | ||
| 650 | 0 | _aEmployee motivation. | |
| 907 |
_a.b10107368 _b04-04-18 _c22-01-04 |
||
| 003 | |||
| 005 | 20230123133633.0 | ||
| 040 | _cNUST | ||
| 942 |
_cBOOKS _kHF5549.5.M63 _mADA |
||
| 999 |
_c152032 _d152032 |
||